| 000 | 00618nam a2200217Ia 4500 | ||
|---|---|---|---|
| 005 | 20260429111934.0 | ||
| 008 | 260429s9999||||xx |||||||||||||| ||und|| | ||
| 020 | _a9789359782164 | ||
| 041 | _aEnglish | ||
| 082 |
_a796.01 _bABR |
||
| 100 | _aAbraham, George | ||
| 245 | 0 |
_aPeriodization in sports : _bmethodology and theory of training / _cGeorge Abraham |
|
| 250 | _a1st ed. | ||
| 260 |
_aNew Delhi : _bFriends Publications (India), _c2024. |
||
| 300 | _a154 p.; hb | ||
| 650 | _a Athletic training | ||
| 650 | _a Exercise science | ||
| 650 | _a Periodization | ||
| 650 | _aSports training | ||
| 942 | _cTB | ||
| 999 |
_c51525 _d51525 |
||